00634nam a2200181Ia 4500008004100000082001500041100001700056245006600073250000800139260002500147300001200172500002400184650001200208942000700220952010400227952010400331999001700435230524s9999 xx 000 0 und d a5.133bHEI aG.L.Heineman 0a"Data Structures, Algorithms and Object Oriented Programming" a1ST aNEW DELHIbTMHc2002 aXII;439 aQuantity Number: 2 aComp-Sc cBK 00104070aTATCLbTATCLcGENd2023-05-24l0o005.133 HEIp9004r2023-05-24w2023-05-24yBKzBE2106 00104070aTATCLbTATCLcGENd2023-05-24l0o005.133 HEIp9236r2023-05-24w2023-05-24yBKzBE2106 c33210d33210